| 000 | 00732nam a2200229Ia 4500 | ||
|---|---|---|---|
| 005 | 20220317093126.0 | ||
| 008 | 210716s2009 xx 000 0 und d | ||
| 020 | _a9788131707043 | ||
| 040 | _cAIMIT LIBRARY | ||
| 041 | _aeng | ||
| 082 |
_a658 _26 _bSTOJ |
||
| 100 |
_aStoner, James A F. _923950 |
||
| 245 |
_aManagement / _cBy James A F Stoner, R Edward Freeman and Daniel R Gilbert. |
||
| 250 | _a6th ed. | ||
| 260 |
_aNew Delhi : _bPearson Education , _c2009 . |
||
| 300 |
_a656,i-26p. ; _c28 cm. |
||
| 650 |
_aSocial Responsibility and Ethics. _923951 |
||
| 650 |
_aCulture and Multiculturalism. _923952 |
||
| 700 |
_aFreeman, R Edward. _923953 |
||
| 700 |
_aGilbert, Daniel R. _923954 |
||
| 942 |
_2ddc _cBK _e6th _k658 STOJ |
||
| 999 |
_c204507 _d204507 |
||